| 000 | 02769nam a22002777a 4500 | ||
|---|---|---|---|
| 003 | OSt | ||
| 005 | 20260511181452.0 | ||
| 008 | 260428b |||||||| |||| 00| 0 eng d | ||
| 022 | _a2352-5509 | ||
| 040 |
_aTBS _bEN _cTBS |
||
| 041 | _aeng | ||
| 100 |
_aDas, Ankita _926970 _eauthor |
||
| 245 |
_aRegenerative business strategies _b: a database and typology to inspire business experimentation towards sustainability _c/ Ankita Das, Nancy Bocken. |
||
| 260 |
_bSustainable Production and Consumption, _c2024 |
||
| 300 | _a529-544 pages. | ||
| 490 |
_aSustainable production and consumption _vvol.49 |
||
| 520 | _aIn a time marked by growing environmental and societal challenges, where multiple planetary boundaries are being crossed, the way we conduct business practices needs to be rethought. Regenerative business models offer a path towards a more responsible future by incorporating strategies that go beyond net zero and focus on actively restoring the natural and social systems they operate in, creating a more holistic net positive impact. To date, much of the research on this topic is conceptual and there is a need for more empirical insights on how regenerative strategies can be implemented. This study uses purposive sampling to conduct a comprehensive practice review of 84 regenerative business cases from 15 sectors, to build the novel Regenerative Business Case Database. A typology of six archetypal regenerative business strategies was also derived, including: (1) regenerative leadership, (2) nature regeneration, (3) social regeneration, (4) responsible sourcing, (5) human health & wellbeing focus, and (6) employee level focus. The predominant sectors with regenerative innovations were food, consumer goods and fashion. Many companies were found to be employing multiple strategies concurrently, while collaborating with local organisations. While some may argue that regenerative business strategies cannot be successful in a competitive market, the results contain examples of stable businesses pursuing regenerative strategies dating back to the 1870's. The aim of this study was to build a database and typology of successful regenerative business cases and strategies that can serve as inspiration for further business model experimentation. Future research could explore how innovations towards such business models develop, and what regulatory frameworks allow them to flourish. | ||
| 630 | 0 |
_aB2 PBT Regenerative Leadership (BiM) _926902 |
|
| 650 | 0 |
_aCircular economy _926971 |
|
| 650 | 0 |
_aEconometric models _99717 |
|
| 650 | 0 |
_aIndustrial management _920469 |
|
| 650 | 0 |
_aLeadership _92600 |
|
| 700 |
_aBocken, Nancy _912569 _eauthor |
||
| 856 | _uhttps://doi-org.hub.tbs-education.fr/10.1016/j.spc.2024.06.024 | ||
| 942 | _2lcc | ||
| 999 |
_c5427 _d5427 |
||